| 000 | 00633nam a2200193 a 4500 | ||
|---|---|---|---|
| 005 | 20210223121501.0 | ||
| 008 | 991125s1957 ind 000 0 eng u | ||
| 035 | _aUPN01000018453 | ||
| 049 | _aCG | ||
| 050 | 4 |
_aL577 _bI5.4 |
|
| 110 | 1 |
_aIndia. _bMinistry of Education & Scientific Research |
|
| 245 | 1 | 0 |
_aEducation in India 1954-55 / _cMinistry of Education & Scientific Research. |
| 260 |
_aIndia : _bMinistry of Education & Scientific Research, _c1957. |
||
| 300 | _a2 v. | ||
| 500 | _aLa biblioteca tiene el v.1 | ||
| 505 | 8 |
_aContenido: _gv.1. _tReport |
|
| 650 | 4 |
_aEDUCACION - _vESTADISTICA - _zINDIA _97309 |
|
| 905 | _aLibro | ||
| 999 |
_c18453 _d18453 |
||